zpět

Detail výsledku týmu

R.A.M., Jablonec nad Nisou

Datum a čas kvízu

31 Celkem bodů Celkový počet nahraných bodů na tomto kvízu bez doplňovacích otázek.
7. Pořadí na kvízu Konečné umístění týmu na tomto kvízu.

Zaznamenané odpovědi

# Otázka Odpověď Body Výsledky
1. Brňané vybrali v anketě pořáda... 1
2. Ruští vyšetřovatelé začali vyš... 0
3. Ve čtvrtek vstoupil do našich... 1
4. Americká společnost IBM minulý... 0
5. Hřiště ve Wembley bylo při pon... 1
6. Pokud jste na titulní otázku o... 1
7. Americký herec Tobin Bell byl... 1
5. Film Osvícení vznikl v roce 19... 1
5. Nejúspěšnějším hororem, co do... 1
10. Shaun je hospodský povaleč, co... 1